Vista normal
Vista MARC
- Santos
Entrada Tema o Materia
Número de registros utilizados en: 1
001 - NUMERO DE CONTROL
- Campo de control: 7116
003 - IDENTIFICADOR DEL NUMERO DE CONTROL
- Campo de control: SpMaBN
005 - HORA Y FECHA DE LA ULTIMA TRANSACCIÓN
- Campo de control: 20220628174708.0
008 - CAMPO DE LONGITUD FIJA
- Campo fijo de descripción fija: 130919 n anznnbabn |a ana ##
024 7# -
- : http://id.loc.gov/authorities/subjects/sh85116635
- : lcsh
040 ## -
- : SpMaBN
- : spa
- : SpMaBN
- : rdc
- : embne
042 ## -
- : 20131128
080 ## -
- : 2-534.3-36
- : mrf12
080 ## -
- : 2-282.5-36
- : mrf12
150 ## - ENCABEZAMIENTO DE MATERIA-TEMA
- Téma o Materia: Santos
- Subdivisión de forma: Oraciones
450 ## - REFERENCIA DE ENVIO “VEASE” - MATERIA
- Encabezamiento temático : Oraciones a los santos
450 ## - REFERENCIA DE ENVIO “VEASE” - MATERIA
- Encabezamiento temático : Santos
- Subdivisión de forma: Devocionarios
550 ## - REFERENCIA DE ENVIO "VEASE ADEMAS" - MATERIA
- Subcampo de control: h
- Encabezamiento temático o nombre geográfico como elemento de entrada: Santos cristianos
- Subdivisión de forma: Oraciones
670 ## - FUENTE EN LA QUE SE LOCALIZARON DATOS
- Cita de la fuente : LCSH
- Información localizada : (Saints-Prayers and devotions)
750 #7 - ASIENTO LIGADO AL ENCABEZAMIENTO - TEMATICO
- Encabezamiento temático : Saints-Prayers and devotions
- Source of heading or term: lcsh
